000 00726cam a2200181 4500
001 WS108713
008 000000n 000 0 eng u
035 _a(Sirsi) u108713
110 _aInternational Society for Photogrammetry and Remote Sensing
_92623
245 _aInternational Society for Photogrammetry and Remote Sensing
520 _aSite for this international organisation outlining its aims, objectives and publications. Includes a link to the 'Journal of Photogrammetry and Remote Sensing'.
650 _aPHOTOGRAMMETRY
650 _aREMOTE SENSING
650 _aORGANISATION
690 _aGEOMATICS
_96242
856 4 0 _uhttps://www.isprs.org
_zView the website free of charge at www.isprs.org...
942 _n0
999 _c119690
_d119690